LIBRARY & INFORMATION CENTRE, KCAET, TAVANUR

ONLINE PUBLIC ACCESS CATALOGUE (OPAC)

Remarking of a culture : Life and education in Puerto Rico / (Record no. 1886)

MARC details
000 -LEADER
fixed length control field 00436cam a2200157ua 4500
041 ## - LANGUAGE CODE
Language code of text/sound track or separate title eng
082 ## - DEWEY DECIMAL CLASSIFICATION NUMBER
Classification number 306
Item number BRA/RE
100 ## - MAIN ENTRY--AUTHOR NAME
Personal name Brameld, Theodore .
245 ## - TITLE STATEMENT
Title Remarking of a culture : Life and education in Puerto Rico /
250 ## - EDITION STATEMENT
Edition statement 1 /
260 ## - PUBLICATION, DISTRIBUTION, ETC. (IMPRINT)
Place of publication New York :
Name of publisher Haeper and Brothers Publishers ,
Year of publication 1959.
300 ## - PHYSICAL DESCRIPTION
Number of Pages 478 ; .
942 ## - ADDED ENTRY ELEMENTS (KOHA)
Koha item type Books
Holdings
Withdrawn status Lost status Damaged status Home library Current library Date acquired Full call number Accession Number Koha item type
Withdrawn     KAUAET Sanskrit University 07/04/2012 306 702 Books
free website counter